Vinohradníctvo a vinárstvo Slovenska v komparácii so štátmi Európskej únie po roku 2004

Článok analyzuje a porovnáva postavenie vinohradníctva a vinárstva Slovenska v rámci členských štátov Európskej únie (EÚ-27) po roku 2004. Predstavuje aj regionalizáciu vinohradníctva na vinohradnícke zóny EÚ. Na základe vybraných indikátorov (výmera vinohradov, podiel výmery vinohradov na poľnohosp...

Descrizione completa

Salvato in:
Dettagli Bibliografici
Autore principale: Némethová, Jana
Altri autori: Krajči, Filip
Natura: Capitolo di libro
Lingua:slovacco
inglese
Soggetti:
Tags: Aggiungi Tag
Nessun Tag, puoi essere il primo ad aggiungerne!!

MARC

LEADER 00000naa a2200000 4500
001 0299041
005 20240206102329.1
041 0 |a slo 
041 0 |a eng 
044 |a SK 
245 1 0 |a Vinohradníctvo a vinárstvo Slovenska v komparácii so štátmi Európskej únie po roku 2004  |c Jana Némethová, Filip Krajči 
520 |a Článok analyzuje a porovnáva postavenie vinohradníctva a vinárstva Slovenska v rámci členských štátov Európskej únie (EÚ-27) po roku 2004. Predstavuje aj regionalizáciu vinohradníctva na vinohradnícke zóny EÚ. Na základe vybraných indikátorov (výmera vinohradov, podiel výmery vinohradov na poľnohospodárskej pôde štátu, produkcia hrozna, produkcia vína, podiel štátu na celkovej produkcii hrozna a výrobe vína EÚ, spotreba vína na jedného obyvateľa) skúma vývoj vinohradníctva a vinárstva v štátoch EÚ-27 v sledovaných rokoch 2004, 2010 a 2019 s dôrazom na Slovensko. Cieľom článku je poukázať na postavenie slovenského vinohradníctva a vinárstva v komparácii členských štátov EÚ. 
610 2 0 |a vinohradníctvo 
610 2 0 |a víno 
610 2 0 |a vinárne 
610 2 0 |a hrozno 
610 2 0 |a poľnohospodárstvo 
610 2 0 |a výroba poľnohospodárska 
610 2 0 |a porovnanie štatistické medzinárodné 
610 2 0 |a Slovensko 
610 2 0 |a Európska únia 
100 1 |a Némethová, Jana 
700 1 |a Krajči, Filip